Detalles MARC
| 000 -LEADER |
| fixed length control field |
01933 am a2200409 a 4500 |
| 005 - FECHA ULTIMA MODIFICACION |
| control field |
20240523094051.0 |
| 008 - CAMPO DE CONTROL (LIBRO) |
| fixed length control field |
100317s2000||||sp a f |||| 001 0 spa d |
| 020 ## - INTERNATIONAL STANDARD BOOK NUMBER |
| ISBN |
8471013037 |
| 041 ## - CODIGO DE IDIOMA |
| Código de idioma del texto/pista de sonido o título separado |
spa |
| 092 ## - SIGNATURA TOPOGRAFICA DEWEY LOCAL |
| número de clasificación |
615.83 |
| libristica |
6 |
| sección |
BAJ |
| 100 1# - ENTRADA PRINCIPAL--NOMBRE PERSONAL |
| Nombre personal |
Bajo Arenas, J. M. |
| 9 (RLIN) |
481 |
| 245 ## - TITULO PROPIAMENTE DICHO |
| Título |
Ultrasonografía Ginecológica / |
| Mención de responsabilidad y remanente de la transcripción de la portada |
J. M. Bajo Arenas. |
| 250 ## - MENCION DE EDICION |
| Mención de edición |
1a ed. |
| 260 ## - PIE DE IMPRENTA |
| Lugar de publicación, distribución, etc |
Madrid: |
| Nombre de la editorial, distribuidor, etc |
Marbán; |
| Fecha de publicación |
2000. |
| 300 ## - DESCRIPCION FISICA |
| Extension |
433 p. |
| Otros detalles físicos |
il. |
| 500 ## - NOTA GENERAL |
| Nota general |
Bajo Arenas, J. M. (2000). Ultrasonografía Ginecológica. (1a ed.). Madrid : Marbán. |
| 590 ## - NOTAS LOCALES (RLIN) |
| Nota local |
Donación Ernesto Rosemberg, Julio 2009 |
| 653 ## - TÉRMINO INDIZADO - PALABRAS CLAVES |
| Palabra clave |
Sistematización de planos de la pelvis con sonda vaginal. Anatomía ecográfica |
| 653 ## - TÉRMINO INDIZADO - PALABRAS CLAVES |
| Palabra clave |
Monitorización ultrasonográfica del ciclo ovárica |
| 653 ## - TÉRMINO INDIZADO - PALABRAS CLAVES |
| Palabra clave |
Seguimiento ultrasonográfico del ciclo endometrial |
| 653 ## - TÉRMINO INDIZADO - PALABRAS CLAVES |
| Palabra clave |
Síndrome del ovario poliquístico (SOP) |
| 653 ## - TÉRMINO INDIZADO - PALABRAS CLAVES |
| Palabra clave |
Ultrasonografía de la endometriosis |
| 653 ## - TÉRMINO INDIZADO - PALABRAS CLAVES |
| Palabra clave |
Formaciones disfuncionales de ovario |
| 653 ## - TÉRMINO INDIZADO - PALABRAS CLAVES |
| Palabra clave |
Cáncer de ovario. Score ecográfico. Valoración Doppler |
| 653 ## - TÉRMINO INDIZADO - PALABRAS CLAVES |
| Palabra clave |
Ecografía como indicadora de cirugía laparoscópica en las masas ováricas |
| 653 ## - TÉRMINO INDIZADO - PALABRAS CLAVES |
| Palabra clave |
Malformaciones uterinas |
| 653 ## - TÉRMINO INDIZADO - PALABRAS CLAVES |
| Palabra clave |
Diagnóstico ecográfico del pólipo endometrial |
| 653 ## - TÉRMINO INDIZADO - PALABRAS CLAVES |
| Palabra clave |
Diagnóstico ecográfico |
| 653 ## - TÉRMINO INDIZADO - PALABRAS CLAVES |
| Palabra clave |
Ecografía y Doppler color en el diagnóstico del adenocarcinoma de endometrio |
| 653 ## - TÉRMINO INDIZADO - PALABRAS CLAVES |
| Palabra clave |
Ultrasonografía en el estudio del cérvix uterino y de su patología |
| 653 ## - TÉRMINO INDIZADO - PALABRAS CLAVES |
| Palabra clave |
Control ecográfico de la inducción de la ovulación y de la estimulación folicular múltiple |
| 653 ## - TÉRMINO INDIZADO - PALABRAS CLAVES |
| Palabra clave |
Ecoggrafía como método de selección para el diagnóstico de la patología endometrial en la menopausia |
| 653 ## - TÉRMINO INDIZADO - PALABRAS CLAVES |
| Palabra clave |
Ecografía intervencionista. Punción aspiración ecoguiada de masas pélvicas |
| 653 ## - TÉRMINO INDIZADO - PALABRAS CLAVES |
| Palabra clave |
Ultrasonografía en la patología tubárica. Enfermedad inflamatoria pélvica |
| 930 ## - NUMERO DE INVENTARIO |
| Número de inventario |
2001 |
| 942 ## - ADDED ENTRY ELEMENTS (KOHA) |
| Source of classification or shelving scheme |
Dewey Decimal Classification |
| Item type |
Libros |